[Event "Regionalliga NO 0506"]
[Site "Bayern"]
[Date "2006.02.19"]
[Round "7.6"]
[White "Hein, Manfred"]
[Black "Buliga Contras, Michael"]
[Result "1-0"]
[WhiteElo "2041"]
[BlackElo "1970"]
[PlyCount "127"]
[EventDate "2005.10.23"]
[EventType "team-tourn"]
[EventRounds "9"]
[EventCountry "GER"]
[SourceTitle "EXT 2007"]
[Source "ChessBase"]
[SourceDate "2006.11.23"]
[SourceVersion "1"]
[SourceVersionDate "2006.11.23"]
[SourceQuality "1"]

1. e4 c5 2. c3 d6 3. d4 cxd4 4. cxd4 Nf6 5. Nc3 e6 6. Be3 Be7 7. Bd3 0-0 8. f3 Nc6 9. Nge2 Bd7 10. 0-0 Rc8 11. Rc1 Qa5 12. Qd2 a6 13. a3 b5 14. b4 Qd8 15. g4 Ne8 16. Ng3 g6 17. f4 e5 18. dxe5 dxe5 19. Nd5 Bxg4 20. Bb6 Qd7 21. f5 gxf5 22. Nxf5 Bxf5 23. Rxf5 Ng7 24. Rf2 f5 25. Nxe7+ Nxe7 26. Bc4+ Rxc4 27. Qxd7 Rxc1+ 28. Kg2 Ng6 29. Qd2 Rfc8 30. Bc5 Rc4 31. exf5 Nf4+ 32. Kf1 Re8 33. f6 Nf5 34. Rf3 Nd4 35. Rxf4 exf4 36. Bxd4 Kf7 37. Bf2 Kxf6 38. Qd6+ Re6 39. Qd8+ Kf5 40. Qd5+ Re5 41. Qf7+ Kg4 42. Qg7+ Rg5 43. h3+ Kf5 44. Qxh7+ Rg6 45. Bh4 Rcc6 46. Qh5+ Ke4 47. Qe2+ Kf5 48. Qd3+ Ke5 49. Be1 Kf6 50. Bc3+ Kg5 51. Qd5+ Kh6 52. Bd2 Rgf6 53. h4 Kg6 54. Qg5+ Kf7 55. Qd5+ Ke7 56. Kf2 Rcd6 57. Qe5+ Kf7 58. Bxf4 Rxf4+ 59. Qxf4+ Rf6 60. Kf3 Rxf4+ 61. Kxf4 Kg6 62. Ke5 Kh5 63. Kd6 Kxh4 64. Kc6 1-0

[Event "Regionalliga NO 0506"]
[Site "Bayern"]
[Date "2005.11.13"]
[Round "2.5"]
[White "Buliga Contras, Michael"]
[Black "Dirmeier, Matthias"]
[Result "0-1"]
[WhiteElo "1970"]
[BlackElo "1937"]
[PlyCount "65"]
[EventDate "2005.10.23"]
[EventType "team-tourn"]
[EventRounds "9"]
[EventCountry "GER"]
[SourceTitle "EXT 2007"]
[Source "ChessBase"]
[SourceDate "2006.11.23"]
[SourceVersion "1"]
[SourceVersionDate "2006.11.23"]
[SourceQuality "1"]

1. c4 c6 2. Nc3 d5 3. cxd5 cxd5 4. d4 Nf6 5. Nf3 Nc6 6. e3 a6 7. a3 Bg4 8. Be2 e6 9. 0-0 Bd6 10. b4 Qc7 11. h3 Bxf3 12. Bxf3 Nxb4 13. Qb3 Nc6 14. Bb2 b5 15. Rfc1 0-0 16. Rc2 Na5 17. Qa2 Rfc8 18. Rac1 Qb7 19. Rb1 Nc4 20. Bc1 Qe7 21. Rb3 Na5 22. Rb1 Rc7 23. Ra1 Rac8 24. Qb2 b4 25. axb4 Bxb4 26. Bd2 Nc4 27. Nxd5 Nxd5 28. Rxc4 Rxc4 29. Rxa6 Bxd2 30. Qxd2 Qb4 31. Qd3 g6 32. Qe4 R4c6 33. Ra7 0-1

[Event "Regionalliga NO 0304"]
[Site "Bayern"]
[Date "2003.12.14"]
[Round "4.4"]
[White "Buliga Contras, Michael"]
[Black "Hein, Manfred"]
[Result "1/2-1/2"]
[WhiteElo "1998"]
[BlackElo "2075"]
[PlyCount "95"]
[EventDate "2003.10.??"]
[EventType "team-tourn"]
[EventRounds "9"]
[EventCountry "GER"]
[SourceTitle "EXT 2006"]
[Source "ChessBase"]
[SourceDate "2005.11.24"]
[SourceVersion "1"]
[SourceVersionDate "2005.11.24"]
[SourceQuality "1"]
[WhiteTeam "Regensburg Bavaria"]
[BlackTeam "Gunzenhausen"]
[WhiteTeamCountry "GER"]
[BlackTeamCountry "GER"]

1. c4 Nf6 2. Nc3 c6 3. d4 d5 4. Bg5 dxc4 5. Bxf6 exf6 6. a4 Bb4 7. e4 Be6 8. Nf3 0-0 9. Be2 Na6 10. 0-0 Nc7 11. Qc2 b5 12. Rfd1 Bxc3 13. bxc3 a6 14. h3 Qd6 15. Nd2 Rfd8 16. Nf1 Qf4 17. Ne3 g6 18. g3 Qd6 19. Kg2 Qd7 20. Bg4 h5 21. Bxe6 fxe6 22. g4 Kf7 23. f4 Rg8 24. Kf3 Rh8 25. Rh1 Rad8 26. Rad1 Qe7 27. Rdg1 Rdg8 28. Re1 Qd7 29. Rd1 Re8 30. f5 exf5 31. gxf5 g5 32. e5 Kg7 33. Qe4 Nd5 34. Rc1 Nxe3 35. Kxe3 Qd5 36. e6 Qxe4+ 37. Kxe4 Ra8 38. Ra1 Rhd8 39. Rhd1 Kf8 40. d5 cxd5+ 41. Rxd5 Rxd5 42. Kxd5 Rd8+ 43. Kc5 Rd3 44. axb5 axb5 45. Ra8+ Ke7 46. Ra7+ Ke8 47. Ra8+ Ke7 48. Ra7+ 1/2-1/2

[Event "Regionalliga NO 0304"]
[Site "Bayern"]
[Date "2003.11.02"]
[Round "2.4"]
[White "Buliga Contras, Michael"]
[Black "Fischer, Markus"]
[Result "0-1"]
[WhiteElo "1998"]
[BlackElo "2154"]
[PlyCount "146"]
[EventDate "2003.10.??"]
[EventType "team-tourn"]
[EventRounds "9"]
[EventCountry "GER"]
[SourceTitle "EXT 2006"]
[Source "ChessBase"]
[SourceDate "2005.11.24"]
[SourceVersion "1"]
[SourceVersionDate "2005.11.24"]
[SourceQuality "1"]
[WhiteTeam "Regensburg Bavaria"]
[BlackTeam "Kareth Lappersdorf"]
[WhiteTeamCountry "GER"]
[BlackTeamCountry "GER"]

1. c4 e5 2. Nc3 Nc6 3. Nf3 Nf6 4. d4 exd4 5. Nxd4 Bc5 6. e3 0-0 7. Be2 d6 8. Nxc6 bxc6 9. Bf3 Bd7 10. 0-0 Rb8 11. a3 Qc8 12. Qa4 d5 13. b4 Bd6 14. cxd5 cxd5 15. Qxa7 Be5 16. Qc5 Rb6 17. b5 Bxb5 18. Nxb5 Bxa1 19. Bd2 Be5 20. a4 Qb7 21. Nc3 Bd6 22. Qd4 c5 23. Qd3 Qa6 24. Qf5 d4 25. exd4 cxd4 26. a5 dxc3 27. axb6 cxd2 28. b7 Bb8 29. g4 Qd6 30. Rd1 Qxh2+ 31. Kf1 Rd8 32. Rxd2 Re8 33. Re2 Rxe2 34. Kxe2 Qe5+ 35. Qxe5 Bxe5 36. Kd3 Kf8 37. Kc4 Ke7 38. g5 Nd7 39. Kd5 Bf4 40. Bg4 Nb8 41. g6 fxg6 42. Be6 h5 43. f3 Kf6 44. Bh3 Kg5 45. Ke4 Bc7 46. Be6 Kh4 47. f4 g5 48. fxg5 Kxg5 49. Kf3 Kf6 50. Bd5 g5 51. Kg2 Ke5 52. Bf7 h4 53. Kh3 Kd4 54. Kg4 Bf4 55. Be6 Kc5 56. Bf5 Kb6 57. Be4 Kc7 58. Bg2 Nc6 59. Bd5 Kxb7 60. Be6 Kc7 61. Bf5 Kd6 62. Bc8 Ke5 63. Bd7 Nb4 64. Kf3 Nd3 65. Bc8 Kd4 66. Kg4 Ke3 67. Kh3 Kf2 68. Bf5 Ne5 69. Be6 Nf3 70. Kg4 Ng1 71. Bd5 h3 72. Bc6 h2 73. Bh1 Ne2 0-1

[Event "Regionalliga NO 0304"]
[Site "Bayern"]
[Date "2003.10.12"]
[Round "1.4"]
[White "Huettl, Guenther"]
[Black "Buliga Contras, Michael"]
[Result "0-1"]
[WhiteElo "1981"]
[BlackElo "1998"]
[PlyCount "64"]
[EventDate "2003.10.??"]
[EventType "team-tourn"]
[EventRounds "9"]
[EventCountry "GER"]
[SourceTitle "EXT 2006"]
[Source "ChessBase"]
[SourceDate "2005.11.24"]
[SourceVersion "1"]
[SourceVersionDate "2005.11.24"]
[SourceQuality "1"]
[WhiteTeam "Regensburg Fortuna III"]
[BlackTeam "Regensburg Bavaria"]
[WhiteTeamCountry "GER"]
[BlackTeamCountry "GER"]

1. Nf3 Nf6 2. c4 e6 3. g3 d5 4. cxd5 exd5 5. Bg2 Be7 6. 0-0 0-0 7. d3 d4 8. Ne5 c6 9. Nd2 Nbd7 10. Ndc4 Nxe5 11. Nxe5 Be6 12. b3 Qc7 13. Nf3 Rac8 14. Bb2 Bc5 15. Rc1 Qd6 16. Qc2 Bb6 17. Nd2 Bd5 18. Nc4 Bxc4 19. bxc4 Bc5 20. Rb1 Rfe8 21. Bc1 Re7 22. Bf4 Qd7 23. a4 Rce8 24. Rfe1 a5 25. Bf1 Bb4 26. Red1 Qf5 27. h3 g5 28. Bd2 Rxe2 29. f4 gxf4 30. g4 Nxg4 31. Bxe2 Rxe2 32. Rxb4 Ne3 0-1

[Event "Regionalliga NO 0203"]
[Site "Bayern"]
[Date "2003.02.23"]
[Round "7.4"]
[White "Buliga Contras, Michael"]
[Black "Stephan, Eberhard"]
[Result "0-1"]
[WhiteElo "1940"]
[BlackElo "2030"]
[PlyCount "85"]
[EventDate "2002.10.20"]
[EventType "team-tourn"]
[EventRounds "9"]
[EventCountry "GER"]
[SourceTitle "EXT 2004"]
[Source "ChessBase"]
[SourceDate "2003.11.25"]
[SourceVersion "1"]
[SourceVersionDate "2003.11.25"]
[SourceQuality "1"]
[WhiteTeam "Regensburg Bavaria"]
[BlackTeam "Gunzenhausen"]
[WhiteTeamCountry "GER"]
[BlackTeamCountry "GER"]

1. c4 Nf6 2. Nc3 g6 3. g3 Bg7 4. Bg2 d6 5. Nf3 0-0 6. d4 c6 7. 0-0 Bg4 8. h3 Be6 9. b3 h6 10. Bb2 Na6 11. a3 Rb8 12. Qd3 Qd7 13. Kh2 b5 14. cxb5 cxb5 15. a4 Nb4 16. Qd1 bxa4 17. Rxa4 Nbd5 18. Qa1 Rb7 19. Nd2 Rfb8 20. Ra3 Rc7 21. Nxd5 Bxd5 22. e4 Ba8 23. d5 Rb4 24. Bd4 Rxd4 25. Qxd4 Ng4+ 26. hxg4 Bxd4 27. Nc4 Qxg4 28. Ra4 Bc5 29. e5 Qh5+ 30. Kg1 Rb7 31. Na5 Rb4 32. Rxb4 Bxb4 33. Nc6 Bc5 34. b4 Bb6 35. Nxe7+ Kf8 36. exd6 Ke8 37. Ng8 Qg5 38. Kh2 Kd7 39. f4 Qh5+ 40. Bh3+ Kxd6 41. Nf6 Qe2+ 42. Bg2 Ke7 43. Kh3 0-1

[Event "Regionalliga NO 0203"]
[Site "Bayern"]
[Date "2003.01.26"]
[Round "5.4"]
[White "Buliga Contras, Michael"]
[Black "Schmid, Siegfried"]
[Result "1/2-1/2"]
[WhiteElo "1940"]
[BlackElo "2099"]
[PlyCount "42"]
[EventDate "2002.10.20"]
[EventType "team-tourn"]
[EventRounds "9"]
[EventCountry "GER"]
[SourceTitle "EXT 2004"]
[Source "ChessBase"]
[SourceDate "2003.11.25"]
[SourceVersion "1"]
[SourceVersionDate "2003.11.25"]
[SourceQuality "1"]
[WhiteTeam "Regensburg Bavaria"]
[BlackTeam "Postbauer Heng"]
[WhiteTeamCountry "GER"]
[BlackTeamCountry "GER"]

1. c4 Nf6 2. Nc3 e5 3. d3 d5 4. cxd5 Nxd5 5. g3 Be6 6. Bg2 Be7 7. Nf3 Nc6 8. 0-0 0-0 9. Bd2 f6 10. a3 Qd7 11. Re1 Nb6 12. b4 a5 13. b5 Nd4 14. a4 Nb3 15. Rb1 Nxd2 16. Nxd2 Bb4 17. Qc2 Rab8 18. Rec1 Rf7 19. Nce4 Bd5 20. Nc4 Bxc4 21. dxc4 Qe6 1/2-1/2

[Event "Regionalliga NO 0203"]
[Site "Bayern"]
[Date "2002.11.17"]
[Round "2.5"]
[White "Meulner, Klaus"]
[Black "Buliga Contras, Michael"]
[Result "1-0"]
[WhiteElo "2168"]
[BlackElo "1940"]
[PlyCount "77"]
[EventDate "2002.10.20"]
[EventType "team-tourn"]
[EventRounds "9"]
[EventCountry "GER"]
[SourceTitle "EXT 2004"]
[Source "ChessBase"]
[SourceDate "2003.11.25"]
[SourceVersion "1"]
[SourceVersionDate "2003.11.25"]
[SourceQuality "1"]
[WhiteTeam "Altensittenbach"]
[BlackTeam "Regensburg Bavaria"]
[WhiteTeamCountry "GER"]
[BlackTeamCountry "GER"]

1. Nf3 Nf6 2. c4 c5 3. Nc3 Nc6 4. g3 g6 5. Bg2 Bg7 6. d4 cxd4 7. Nxd4 0-0 8. 0-0 Nxd4 9. Qxd4 a6 10. h3 d6 11. Qd3 Rb8 12. e4 Be6 13. Kh2 Nd7 14. b3 Rc8 15. Bb2 Qa5 16. Rac1 b5 17. cxb5 axb5 18. Qd2 Rfe8 19. f4 Rc5 20. g4 f5 21. exf5 gxf5 22. Rfe1 Bf7 23. gxf5 Rxf5 24. Be4 Rh5 25. Rg1 Kh8 26. Rxg7 Nf6 27. Rg5 Rh6 28. Rcg1 Qb4 29. Bb1 e5 30. fxe5 dxe5 31. Ne4 Qxd2+ 32. Nxd2 Be6 33. Bf5 Bd5 34. Re1 e4 35. Nxe4 Bxe4 36. Rxe4 Rd8 37. Re2 b4 38. Rf2 Rf8 39. Be5 1-0

[Event "Regionalliga NO 0001"]
[Site "Bayern"]
[Date "2001.04.01"]
[Round "8"]
[White "Bayer, Christian"]
[Black "Buliga Contras, Michael"]
[Result "1-0"]
[WhiteElo "2130"]
[BlackElo "2015"]
[PlyCount "93"]
[EventDate "2000.10.15"]
[EventType "team-tourn"]
[EventRounds "9"]
[EventCountry "GER"]
[SourceTitle "EXT 2020"]
[Source "ChessBase"]
[SourceDate "2019.10.17"]
[SourceVersion "1"]
[SourceVersionDate "2019.10.17"]
[SourceQuality "1"]
[WhiteTeam "Regensburg Fortuna II"]
[BlackTeam "Regensburg Bavaria"]
[WhiteTeamCountry "GER"]
[BlackTeamCountry "GER"]

1. d4 Nf6 2. Bg5 e6 3. e3 Be7 4. Nf3 d5 5. c4 c6 6. Nc3 h6 7. Bh4 Nbd7 8. Qc2 a6 9. Rd1 0-0 10. Bd3 b5 11. cxd5 cxd5 12. 0-0 Bb7 13. Qe2 Ne4 14. Bxe7 Nxc3 15. Bxd8 Nxe2+ 16. Bxe2 Rfxd8 17. Rc1 Rac8 18. Rfd1 Rxc1 19. Rxc1 Rc8 20. Rxc8+ Bxc8 21. Kf1 Kf8 22. Ke1 Ke7 23. Kd2 Kd6 24. Kc3 Kc6 25. Ne5+ Nxe5 26. dxe5 f5 27. b4 g5 28. g4 Bd7 29. Kd4 Be8 30. Bd1 Bf7 31. gxf5 exf5 32. Bb3 Be6 33. f3 h5 34. e4 fxe4 35. fxe4 Kd7 36. exd5 Bf5 37. Bd1 g4 38. Ke3 Bb1 39. Bb3 h4 40. Bd1 g3 41. hxg3 hxg3 42. Bg4+ Kc7 43. d6+ Kc6 44. Bf3+ Kd7 45. Bd5 g2 46. Kf2 Bd3 47. Bxg2 1-0